000 00326nam a2200133Ia 4500
008 231129s1972||||xx |||||||||||||| ||spa||
040 _bspa
082 _a920.72 T693
100 _aTorres Giraldo Ignacio
245 0 _aMaria Cano mujer rebelde
260 _c1972
264 _aPublicaciones de la Rosca
942 _2ddc
_cBKS
999 _c20653
_d20653